000 00420nam a2200157Ia 4500
008 240729s9999 xx 000 0 und d
022 _a1746-8361
245 0 _aDialectica
260 _aSwitzerland
260 _bPhilosophie.ch
650 _a Philosophy (General)
650 _aPhilosophy. Psychology. Religion
856 _uhttps://doaj.org/toc/529fa2cc9dd042fc8f1fe618a25db70d
942 _2ddc
942 _cDOAJEJ
999 _c68432
_d68432
945 _a1
_bMadushi Gamage
_c1
_dMadushi Gamage